Spotreba drog a liekov na Slovensku - in cloaca veritas

Lieky a drogy v odpadových vodách - ich prítomnosť vo vybraných mestách Slovenska. Významná časť drog a liekov prechádza čistiarňami s nízkym stupňom odstraňovania, pričom ich vplyv na recipienta často nie je dostatočne preskúmaný.

Salvato in:
Dettagli Bibliografici
Autore principale: Bodík, Igor
Natura: Capitolo di libro
Lingua:slovacco
Soggetti:
Tags: Aggiungi Tag
Nessun Tag, puoi essere il primo ad aggiungerne!!

MARC

LEADER 00000naa a2200000 4500
001 0224650
005 20221019173325.7
041 0 |a slo 
044 |a SK 
245 1 0 |a Spotreba drog a liekov na Slovensku - in cloaca veritas  |c Igor Bodík 
520 |a Lieky a drogy v odpadových vodách - ich prítomnosť vo vybraných mestách Slovenska. Významná časť drog a liekov prechádza čistiarňami s nízkym stupňom odstraňovania, pričom ich vplyv na recipienta často nie je dostatočne preskúmaný. 
610 2 0 |a voda odpadová 
610 2 0 |a čistiarne vôd odpadových 
610 2 0 |a liečivá 
610 2 0 |a drogy 
100 1 |a Bodík, Igor